EG Green (Record no. 81359)

MARC details
000 -LEADER
fixed length control field 01102cab a22002295a 4500
001 - CONTROL NUMBER
control field L147044
008 - FIXED-LENGTH DATA ELEMENTS--GENERAL INFORMATION
fixed length control field 090325e20090321xxkad f 000 0 eng d
035 ## - SYSTEM CONTROL NUMBER
System control number (Sirsi) u147044
041 0# - LANGUAGE CODE
Language code of text/sound track or separate title eng
100 1# - MAIN ENTRY--PERSONAL NAME
Personal name Pio Kivlehan, Noella
245 00 - TITLE STATEMENT
Title EG Green
260 ## - PUBLICATION, DISTRIBUTION, ETC.
Date of publication, distribution, etc. 2009
490 #0 - SERIES STATEMENT
Series statement Estates Gazette
Volume/sequential designation (0911) 21 March 2009, 71-93(9)
520 ## - SUMMARY, ETC.
Summary, etc. Reports that despite the downturn and the perceived extra cost of going green, the demand for sustainable office is increasing. Reveals that a new course is helping asset managers to think green because a knowledge of sustainability issues is seen as essential. Considers whether or not firms cutting costs and not going green due to the credit crunch are missing out on an important opportunity. Reveals that plans are afoot to develop a system to help building owners see the financial benefits of going green.
590 ## - LOCAL NOTE (RLIN)
Local note KA
651 #4 - SUBJECT ADDED ENTRY--GEOGRAPHIC NAME
Geographic name United Kingdom
Chronological subdivision
690 ## - LOCAL SUBJECT ADDED ENTRY--TOPICAL TERM (OCLC, RLIN)
Topical term or geographic name as entry element ENVIRONMENTAL AND LAND CONSULTANCY-ENERGY-ENERGY USE-ENERGY EFFICIENCY
700 1# - ADDED ENTRY--PERSONAL NAME
Personal name Osborne, Helen
700 1# - ADDED ENTRY--PERSONAL NAME
Personal name Thame, David
700 1# - ADDED ENTRY--PERSONAL NAME
Personal name Quinn, David
942 ## - ADDED ENTRY ELEMENTS (KOHA)
Suppress in OPAC 0
Holdings
Withdrawn status Lost status Source of classification or shelving scheme Damaged status Not for loan Home library Current library Shelving location Date acquired Total Checkouts Full call number Barcode Date last seen Copy number Price effective from Koha item type
    Dewey Decimal Classification     London London Journal article 25/03/2009   L147044 147044-1001 06/08/2019 1 06/08/2019 Journal article